=LDR 00000nam 2200000 4500 =001 INLIS000000000040478 =005 20130612150037 =008 ***********************************Ind** =035 ##$$0010-061300000040478 =041 ##$$a Ind =082 ##$$a 641.5 =090 ##$$a 641.5, Sut h =100 ##$$a Sutomo, Budi =245 ##$$a Hidangan favorit ikan/Budi Sutomo =260 ##$$a 2009 $b Jakarta =300 ##$$a 40 hlm, ilus., 20 cm =650 ##$$a Masakan Resep =850 ##$$a NBPNMAT